000 00590nam a2200193Ia 4500
005 20250508164852.0
008 008 250505s9999 xx 000 0 hin d
037 _aDissertations
040 _aFEDL
_beng
_cFEDL
041 _ahin
_2eng
084 _a370.1, NIM/DI
_qFEDL
100 _aNimmekar Shivangi
_9779379
245 0 _aDarshan tatha manovigiyan ke paripresh me shikshan-adhigum-prakriya: Ek vishleshan
260 _c2005
300 _aiv,299p.
546 _aM. Ed. Dissertation (Delhi University)
942 _cDIS
_h370.1, NIM/DI
999 _c1391698
_d1391698